Famous Hurricanes - Statistics

General Stats
  • This quiz has been taken 215 times
    145 since last reset
  • The average score is 7 of 15
Answer Stats
Intensity Hint Year Name % Correct
Category 5 Costliest Category 5 hurricane, famous for flooding New Orleans 2005 Katrina
95%
Category 3 Unofficially referred to as a "superstorm", made landfall in the New York City area 2012 Sandy
73%
Category 4 Costliest Category 4 hurricane, stalled over the Houston metropolitan area for two days 2017 Harvey
69%
Category 5 Longest continuous span as a Category 5 hurricane, first hurricane on record to strike the northern Lesser Antilles 2017 Irma
65%
Category 5 Earliest forming Category 5 hurricane 2024 Beryl
56%
Category 4 The deadliest hurricane in United States history, killing over 8,000 1900 Great {Galveston} Hurricane
55%
Category 5 Famous for the devastation it caused to Puerto Rico, destroyed the island's power grid 2017 Maria
54%
Category 5 Holder of multiple records, including fastest intensification from a tropical storm to a Category 5 hurricane 2005 Wilma
47%
Category 5 Highest sustained wind speed at landfall in history, most intense hurricane to strike the Bahamas 2019 Dorian
46%
Category 5 Spawned over 120 tornadoes across Alabama and Florida, the most in recorded history 2004 Ivan
41%
Category 5 Deadliest named hurricane, killing over 11,300 in Honduras and Nicaragua 1998 Mitch
38%
Category 1 Only hurricane officially regarded to strike Europe, hitting southern Spain 2005 Vince
29%
Category 5 The first confirmed Category 5 hurricane, also stayed at Category 5 strength for the longest time 1924 1924 {Cuba} Hurricane
27%
Category 1 Latest forming hurricane in history, one of two named storms to occur over two years 1954-55 Alice
23%
Category 3 The first (by time spawned) hurricane whose name was retired. A year earlier, a storm of the same name became the first named Category 5 hurricane. 1954 Carol
23%
No matching quizzes found
Score Distribution
Percent of People with Each Score
Percentile by Number Answered
Your Score History
You have not taken this quiz since the last reset